000 01341ncm0a2200349 4500
001 RU\NLR\ONIZ\215078
005 20250626034856.0
035 _a(NLR Aleph) 011273645
071 2 0 _aс 3051к
090 _a10832494
_c10832494
100 _a20161017d2001 |||y0rusy50 ca
101 0 _arus
102 _aRU
125 _azc
200 1 _aНа всю оставшуюся жизнь
_bНоты
_eпесни в сопровожд. фп.
_fВ. Баснер
_gпредисл. А. П. Утешева
210 _aСанкт-Петербург
_cКомпозитор - Санкт-Петербург
_d2001
215 _a143 с.
_cфото
_d30 см
686 _aЩ943.4-42-041.5(2Р)я44
_vLBC/SL
_2rubbk
686 _aЩ943.4-097.7(2Р)я44
_vLBC/SL
_2rubbk
700 1 _9z01790
_aБаснер
_bВ.Е.
_f1925-1996
_gВениамин Ефимович
_4230
_7ca
702 1 _9z02790
_aУтешев
_bА. П.
_f1931-
_gАлександр Павлович
_4080
790 1 _9z01700
_aBasner
_bV. E.
_f1925-1996
_gVeniamin Efimovič
_4230
_7ba
790 1 _9z02702
_aUteshev
_bA.
_gAleksandr
_4080
801 0 _aRU
_bNLR
_c20161017
_gPSBO
801 1 _aRU
_bNLR
_c20161017
_2rusmarc
801 2 _aRU
_bNLR
_c20170519
852 _aNLR
_bМ
_j3/10717
_p276160
_t2
852 _aNLR
_bМ
_j3/11386
_p257261
_t1
942 _cSCORE
980 _aNB
980 _aONIZ